000 00330nam a2200133 a 4500
005 20140414093847.0
008 100223s19uu xx uuu eng d
050 _aCDB 005
_bTEC 2008
245 _aTechFactors :
_bICT and society.
250 _a2nd edition
650 _aComputer programming.
942 _cAVM
999 _c109636
_d109636